[Event "World Senior chT-50 2019"]
[Site "Rhodes"]
[Date "2019.04.16"]
[Round "1.38"]
[White "Hoehn, Michael"]
[Black "Kozlovskaya, Valentina"]
[Result "1/2-1/2"]
[WhiteElo "2040"]
[BlackElo "2161"]
[Annotator "NA"]
[PlyCount "140"]
[EventDate "2019.04.16"]
[EventType "team-tourn"]
[EventCountry "GRE"]
[SourceTitle "playchess.com"]
[Source "ChessBase"]
[SourceQuality "1"]
[WhiteTeam "Germany"]
[BlackTeam "Russia"]
[WhiteTeamCountry "GER"]
[BlackTeamCountry "RUS"]
[TimeControl "40/5400+30:1800+30"]

1. Nf3 {[%emt 0:00:00]} c5 {[%emt 0:00:00]} 2. e4 {[%emt 0:00:26]} e6 {[%emt 0:00:00]} 3. d4 {[%emt 0:00:22]} cxd4 {[%emt 0:00:00]} 4. c3 {[%emt 0:00:07]} d3 {[%emt 0:00:33]} 5. Bxd3 {[%emt 0:00:06]} d6 {[%emt 0:00:29]} 6. O-O {[%emt 0:00:47]} Be7 {[%emt 0:00:09]} 7. c4 {[%emt 0:02:15]} Nc6 {[%emt 0:00:54]} 8. Nc3 {[%emt 0:01:33]} Nf6 {[%emt 0:00:08]} 9. h3 {[%emt 0:01:25]} O-O {[%emt 0:00:08]} 10. Bf4 {[%emt 0:00:31]} e5 {[%emt 0:04:03]} 11. Bg5 {[%emt 0:02:57]} h6 {[%emt 0:00:12]} 12. Bxf6 {[%emt 0:01:11]} Bxf6 {[%emt 0:00:11]} 13. Qd2 {[%emt 0:03:09]} Be6 {[%emt 0:01:31]} 14. Be2 {[%emt 0:03:30]} a6 {[%emt 0:10:37]} 15. Nd5 {[%emt 0:09:24]} Bxd5 {[%emt 0:00:00]} 16. Qxd5 {[%emt 0:02:54]} Qe7 {[%emt 0:09:59]} 17. Rad1 {[%emt 0:08:12]} Rfd8 {[%emt 0:01:12]} 18. a3 {[%emt 0:00:27]} Qc7 {[%emt 0:00:00]} 19. b4 {[%emt 0:01:51]} Ne7 {[%emt 0:00:00]} 20. Qd2 {[%emt 0:00:31]} Ng6 {[%emt 0:00:00]} 21. g3 {[%emt 0:00:24]} a5 {[%emt 0:00:00]} 22. b5 {[%emt 0:02:41]} Nf8 {[%emt 0:00:17]} 23. Qb2 {[%emt 0:03:47]} Ne6 {[%emt 0:00:35]} 24. b6 {[%emt 0:00:56]} Qc6 {[%emt 0:03:54]} 25. Rd5 {[%emt 0:01:27]} Nc5 {[%emt 0:00:17]} 26. Nd2 {[%emt 0:05:27]} Bg5 {[%emt 0:04:10]} 27. f4 {[%emt 0:00:10]} Bf6 {[%emt 0:04:07]} 28. Qb5 {[%emt 0:08:02]} exf4 {[%emt 0:01:56]} 29. gxf4 {[%emt 0:00:36]} Bc3 {[%emt 0:03:25]} 30. Bf3 {[%emt 0:03:55]} Qxb5 {[%emt 0:09:52]} 31. cxb5 {[%emt 0:03:27]} Ne6 {[%emt 0:00:09]} 32. Bg4 {[%emt 0:03:14]} Bd4+ {[%emt 0:01:56]} 33. Kg2 {[%emt 0:00:31]} Bxb6 {[%emt 0:00:14]} 34. Nc4 {[%emt 0:00:37]} Bc5 {[%emt 0:01:40]} 35. a4 {[%emt 0:13:59]} b6 {[%emt 0:00:40]} 36. Rd3 {[%emt 0:02:43]} Rab8 {[%emt 0:08:50]} 37. Bxe6 {[%emt 0:04:46]} fxe6 {[%emt 0:00:02]} 38. Rfd1 {[%emt 0:00:10]} Rf8 {[%emt 0:08:42]} 39. Kg3 {[%emt 0:01:52]} g5 {[%emt 0:05:06]} 40. fxg5 {[%emt 0:00:00]} hxg5 {[%emt 0:00:00]} 41. Nxd6 {[%emt 0:01:11]} Rf4 {[%emt 0:01:09]} 42. Rf3 {[%emt 0:11:43]} Rd8 {[%emt 0:00:28]} 43. e5 {[%emt 0:00:04]} Rxa4 {[%emt 0:11:02]} 44. Rf6 {[%emt 0:00:39]} Be3 {[%emt 0:08:48]} 45. Rxe6 {[%emt 0:02:28]} Rb4 {[%emt 0:06:43]} 46. Kf3 {[%emt 0:05:41]} Bf4 {[%emt 0:02:46]} 47. Rg1 {[%emt 0:00:51]} Rf8 {[%emt 0:00:59]} 48. Ke2 {[%emt 0:08:45]} Rb2+ {[%emt 0:02:27]} 49. Kd3 {[%emt 0:00:12]} Rb3+ {[%emt 0:00:37]} 50. Ke4 {[%emt 0:00:33]} Rxh3 {[%emt 0:04:11]} 51. Nc4 {[%emt 0:01:38]} Rc3 {[%emt 0:06:07]} 52. Kd5 {[%emt 0:04:40]} Rd3+ {[%emt 0:04:43]} 53. Ke4 {[%emt 0:00:45]} Rc3 {[%emt 0:02:19]} 54. Kd4 {[%emt 0:00:35]} Rb3 {[%emt 0:02:04]} 55. Rxb6 {[%emt 0:00:50]} Rb4 {[%emt 0:01:42]} 56. Kc5 {[%emt 0:01:07]} Re8 {[%emt 0:02:47]} 57. e6 {[%emt 0:02:45]} Rxc4+ {[%emt 0:00:40]} 58. Kxc4 {[%emt 0:00:02]} Be3 {[%emt 0:00:01]} 59. Rxg5+ {[%emt 0:00:43]} Bxg5 {[%emt 0:00:01]} 60. Ra6 {[%emt 0:00:15]} Be3 {[%emt 0:00:24]} 61. Kd5 {[%emt 0:00:58]} Bd2 {[%emt 0:01:04]} 62. b6 {[%emt 0:00:16]} Kg7 {[%emt 0:00:41]} 63. Ra7+ {[%emt 0:00:23]} Kf6 {[%emt 0:00:14]} 64. Rf7+ {[%emt 0:00:08]} Kg6 {[%emt 0:00:01]} 65. Rf2 {[%emt 0:01:08]} Be3 {[%emt 0:00:19]} 66. Rb2 {[%emt 0:00:08]} Rd8+ {[%emt 0:01:59]} 67. Kc6 {[%emt 0:00:55]} Bxb6 {[%emt 0:00:06]} 68. Rxb6 {[%emt 0:00:08]} Kf6 {[%emt 0:00:07]} 69. Kc5 {[%emt 0:01:14]} Ke7 {[%emt 0:00:37]} 70. Ra6 {[%emt 0:00:11]} Rd2 {[%emt 0:00:15]} 1/2-1/2

[Event "World Senior chT-50 2019"]
[Site "Rhodes"]
[Date "2019.04.16"]
[Round "1.39"]
[White "Fatalibekova, Elena"]
[Black "Wolff, Peter"]
[Result "1/2-1/2"]
[WhiteElo "2148"]
[BlackElo "1893"]
[Annotator "NA"]
[PlyCount "78"]
[EventDate "2019.04.16"]
[EventType "team-tourn"]
[EventCountry "GRE"]
[SourceTitle "playchess.com"]
[Source "ChessBase"]
[SourceQuality "1"]
[WhiteTeam "Russia"]
[BlackTeam "Germany"]
[WhiteTeamCountry "RUS"]
[BlackTeamCountry "GER"]
[TimeControl "40/5400+30:1800+30"]

1. e4 {[%emt 0:00:00]} c6 {[%emt 0:00:00]} 2. d4 {[%emt 0:00:00]} d5 {[%emt 0:00:00]} 3. exd5 {[%emt 0:00:00]} cxd5 {[%emt 0:00:00]} 4. c4 {[%emt 0:00:00]} Nf6 {[%emt 0:00:09]} 5. Nc3 {[%emt 0:00:02]} Nc6 {[%emt 0:00:14]} 6. Bg5 {[%emt 0:00:17]} e6 {[%emt 0:01:27]} 7. c5 {[%emt 0:00:40]} Be7 {[%emt 0:00:24]} 8. Bb5 {[%emt 0:00:07]} O-O {[%emt 0:02:39]} 9. Nf3 {[%emt 0:00:39]} Ne4 {[%emt 0:02:23]} 10. Bxe7 {[%emt 0:00:25]} Nxe7 {[%emt 0:02:07]} 11. O-O {[%emt 0:00:40]} Bd7 {[%emt 0:02:00]} 12. Bd3 {[%emt 0:01:35]} f5 {[%emt 0:04:39]} 13. Ne5 {[%emt 0:01:03]} Be8 {[%emt 0:03:27]} 14. Rc1 {[%emt 0:05:22]} Nc6 {[%emt 0:04:46]} 15. Nxc6 {[%emt 0:00:20]} bxc6 {[%emt 0:01:15]} 16. f3 {[%emt 0:03:36]} Nxc3 {[%emt 0:05:25]} 17. bxc3 {[%emt 0:00:11]} Bd7 {[%emt 0:07:22]} 18. Rb1 {[%emt 0:03:08]} Qc7 {[%emt 0:04:07]} 19. Qe2 {[%emt 0:01:03]} Rab8 {[%emt 0:01:57]} 20. g3 {[%emt 0:03:12]} Rxb1 {[%emt 0:02:34]} 21. Rxb1 {[%emt 0:00:32]} Rb8 {[%emt 0:00:07]} 22. f4 {[%emt 0:02:35]} Rxb1+ {[%emt 0:01:01]} 23. Bxb1 {[%emt 0:00:02]} Qb8 {[%emt 0:01:38]} 24. Bd3 {[%emt 0:00:35]} g6 {[%emt 0:08:57]} 25. Qc2 {[%emt 0:00:58]} Kg7 {[%emt 0:01:28]} 26. Qb3 {[%emt 0:00:25]} Qc7 {[%emt 0:04:01]} 27. Kg2 {[%emt 0:03:23]} Kf6 {[%emt 0:00:36]} 28. Kf3 {[%emt 0:05:36]} Bc8 {[%emt 0:01:21]} 29. h3 {[%emt 0:00:55]} h5 {[%emt 0:03:28]} 30. a4 {[%emt 0:07:02]} Qb7 {[%emt 0:00:55]} 31. Qb4 {[%emt 0:02:37]} Ke7 {[%emt 0:03:09]} 32. Ke3 {[%emt 0:10:21]} Ke8 {[%emt 0:01:42]} 33. Be2 {[%emt 0:06:37]} Ke7 {[%emt 0:00:51]} 34. Qxb7+ {[%emt 0:08:21]} Bxb7 {[%emt 0:00:02]} 35. a5 {[%emt 0:00:58]} Bc8 {[%emt 0:02:45]} 36. c4 {[%emt 0:00:56]} Kf6 {[%emt 0:00:43]} 37. cxd5 {[%emt 0:03:23]} exd5 {[%emt 0:00:37]} 38. Kd2 {[%emt 0:00:45]} Ke7 {[%emt 0:00:59]} 39. Kc3 {[%emt 0:00:35]} Kf6 {[%emt 0:00:40]} 1/2-1/2

[Event "World Senior chT-50 2019"]
[Site "Rhodes"]
[Date "2019.04.16"]
[Round "1.40"]
[White "Theuer, Carsten"]
[Black "Titorenko, Natalia I"]
[Result "1/2-1/2"]
[WhiteElo "1868"]
[BlackElo "2153"]
[Annotator "NA"]
[PlyCount "63"]
[EventDate "2019.04.16"]
[EventType "team-tourn"]
[EventCountry "GRE"]
[SourceTitle "playchess.com"]
[Source "ChessBase"]
[SourceQuality "1"]
[WhiteTeam "Germany"]
[BlackTeam "Russia"]
[WhiteTeamCountry "GER"]
[BlackTeamCountry "RUS"]
[TimeControl "40/5400+30:1800+30"]

1. e4 {[%emt 0:00:00]} c5 {[%emt 0:00:00]} 2. Nf3 {[%emt 0:00:00]} Nf6 {[%emt 0:00:00]} 3. Nc3 {[%emt 0:00:00]} Nc6 {[%emt 0:00:00]} 4. d4 {[%emt 0:00:48]} d5 {[%emt 0:00:00]} 5. exd5 {[%emt 0:01:30]} Nxd5 {[%emt 0:00:18]} 6. Nxd5 {[%emt 0:01:44]} Qxd5 {[%emt 0:00:04]} 7. c3 {[%emt 0:00:11]} cxd4 {[%emt 0:03:30]} 8. Nxd4 {[%emt 0:02:18]} Nxd4 {[%emt 0:01:03]} 9. Qxd4 {[%emt 0:00:57]} Qxd4 {[%emt 0:00:20]} 10. cxd4 {[%emt 0:00:08]} Bd7 {[%emt 0:03:15]} 11. Bd3 {[%emt 0:01:47]} Bc6 {[%emt 0:07:24]} 12. O-O {[%emt 0:03:47]} e6 {[%emt 0:04:36]} 13. Be3 {[%emt 0:06:35]} Be7 {[%emt 0:01:30]} 14. Rfd1 {[%emt 0:04:24]} O-O {[%emt 0:00:21]} 15. f3 {[%emt 0:05:11]} Rfc8 {[%emt 0:21:39]} 16. Rac1 {[%emt 0:03:41]} Bd5 {[%emt 0:04:28]} 17. a3 {[%emt 0:01:40]} Bd6 {[%emt 0:03:50]} 18. Rxc8+ {[%emt 0:05:19]} Rxc8 {[%emt 0:00:01]} 19. Rc1 {[%emt 0:00:16]} Rxc1+ {[%emt 0:01:04]} 20. Bxc1 {[%emt 0:00:11]} f5 {[%emt 0:02:46]} 21. h3 {[%emt 0:02:55]} Kf7 {[%emt 0:02:04]} 22. Kf2 {[%emt 0:00:19]} Kf6 {[%emt 0:03:21]} 23. f4 {[%emt 0:02:18]} a6 {[%emt 0:06:43]} 24. Bd2 {[%emt 0:02:57]} Ke7 {[%emt 0:00:47]} 25. g3 {[%emt 0:08:52]} Kd7 {[%emt 0:02:13]} 26. Kf1 {[%emt 0:03:39]} Be7 {[%emt 0:02:52]} 27. Kf2 {[%emt 0:00:41]} Kc6 {[%emt 0:00:23]} 28. h4 {[%emt 0:02:53]} b5 {[%emt 0:02:33]} 29. Ba5 {[%emt 0:00:09]} Bc4 {[%emt 0:01:59]} 30. Bc2 {[%emt 0:00:19]} Bf6 {[%emt 0:06:01]} 31. Ke3 {[%emt 0:00:23]} Be7 {[%emt 0:02:23]} 32. Bd1 {[%emt 0:00:30]} 1/2-1/2

[Event "World Senior chT-50 2019"]
[Site "Rhodes"]
[Date "2019.04.17"]
[Round "2.1"]
[White "Wallner, Joachim"]
[Black "Vaganian, Rafael A"]
[Result "1/2-1/2"]
[WhiteElo "2271"]
[BlackElo "2535"]
[Annotator "TA"]
[PlyCount "90"]
[EventDate "2019.04.16"]
[EventType "team-tourn"]
[EventCountry "GRE"]
[SourceTitle "playchess.com"]
[Source "ChessBase"]
[SourceQuality "1"]
[WhiteTeam "Austria"]
[BlackTeam "Armenia"]
[WhiteTeamCountry "AUT"]
[BlackTeamCountry "ARM"]

{[%evp 23,90,0,0,-2,1,0,0,10,14,0,12,7,8,0,0,-6,-5,-1,-1,-21,-12,-16,-20,-29,-23,-20,-32,-35,-33,-37,-30,-47,-37,-52,-29,-21,-30,-31,-31,-31,-31,-31,-31,-33,-14,-14,-23,-25,-20,-21,-14,-14,-14,-31,-31,-36,-8,-8,-8,-8,-8,-8,0,-8,0,-8,-8,-8,-8]} 1. e4 e6 2. d4 d5 3. Nd2 c5 4. Ngf3 cxd4 5. exd5 Qxd5 6. Bc4 Qd8 7. O-O Nf6 8. Nb3 Nc6 9. Nbxd4 Nxd4 10. Qxd4 Qxd4 11. Nxd4 Bd7 12. Bf4 Rc8 13. Bd3 {C07: French Tarrasch: 3...c5, 4 Ngf3 and 4 exd5 Qxd5} (13. Be2 Bc5 14. Nb3 Bb6 15. c3 Nd5 16. Bd6 Bc7 17. Ba3 f6 18. Bh5+ g6 19. Bf3 Bc6 20. Nd4 Kf7 21. c4 Nb6 22. Nxc6 bxc6 {0-1 (47) Harikrishna,P (2737)-Huzman,A (2580) Berlin 2015}) 13... a6 14. c4 $146 ({Predecessor:} 14. c3 Be7 15. Rfe1 O-O 16. Nf5 Bc5 17. Nd6 Nh5 18. Be5 f6 19. Nxc8 fxe5 20. Rxe5 Bxf2+ {0-1 (51) Abadal,M (1903)-Ulaneo,N (2153) Montevideo 2016}) 14... Be7 15. Rfd1 O-O 16. Rac1 Rfd8 17. Be2 Be8 18. Be3 g6 19. Nf3 Rxd1+ 20. Rxd1 b5 21. cxb5 (21. Nd2 {feels hotter.} bxc4 22. Nxc4 Nd5 23. Bd4 Nf4 24. Bf1) 21... Bxb5 22. Bxb5 axb5 23. Rc1 Ra8 24. a3 Nd5 25. Bd4 f6 26. g3 Kf7 27. Rc6 Ra4 28. Bc3 b4 29. axb4 Nxb4 30. Rc4 {[#] b3 is the strong threat.} Ra1+ 31. Kg2 Nd5 32. Nd4 e5 33. Nb5 Rc1 34. Nc7 Nxc3 35. bxc3 $11 {[%mdl 4096] Endgame KRB-KRN} Rd1 36. Rc6 Rd6 37. Rxd6 Bxd6 {KB-KN} 38. Nb5 Bc5 39. Kf3 h5 40. h3 {The position is equal.} f5 41. Ke2 Ke6 42. c4 e4 43. Nc7+ Ke5 44. Nd5 g5 45. f4+ exf3+ {Accuracy: White = 52%, Black = 73%.} 1/2-1/2

[Event "World Senior chT-50 2019"]
[Site "Rhodes"]
[Date "2019.04.17"]
[Round "2.2"]
[White "Minasian, Artashes"]
[Black "Denk, Adolf"]
[Result "1-0"]
[WhiteElo "2472"]
[BlackElo "2255"]
[Annotator "TA"]
[PlyCount "123"]
[EventDate "2019.04.16"]
[EventType "team-tourn"]
[EventCountry "GRE"]
[SourceTitle "playchess.com"]
[Source "ChessBase"]
[SourceQuality "1"]
[WhiteTeam "Armenia"]
[BlackTeam "Austria"]
[WhiteTeamCountry "ARM"]
[BlackTeamCountry "AUT"]

{[%evp 13,123,0,0,-10,6,7,13,-45,14,20,27,-29,-26,-25,0,-18,6,0,27,10,26,-12,-6,0,0,-7,14,9,14,11,16,7,18,10,19,13,38,0,15,0,-4,-20,0,0,0,-60,-71,-66,-57,-60,-58,-134,-62,-86,-87,-87,-86,-120,-118,-132,-130,-125,-125,-131,-72,-79,-83,-70,-75,-108,-97,-95,0,0,33,43,46,19,14,12,104,8,6,-10,-11,-26,0,0,0,0,8,-22,-23,-21,384,379,377,377,370,362,362,362,362,362,767,668,767,762,759,750,712,710]} 1. Nf3 Nf6 2. g3 g6 3. Bg2 Bg7 4. O-O O-O 5. c4 c5 6. Nc3 d5 7. d3 Nc6 8. Bf4 {A38: Symmetrical English vs ...g6: 4 Bg2 Bg7 5 Nf3 Nf6} (8. cxd5 Nxd5 9. Bd2 Nc7 10. Qc1 b6 11. Bh6 Bb7 12. Bxg7 Kxg7 13. Ne5 {½-½ (13) Antipov,M (2598)-Piorun,K (2659) Moscow 2018}) 8... d4 9. Na4 $1 Nd7 10. e4 (10. a3 $11) 10... dxe3 $146 ({Black should try} 10... e5 $15 11. Bg5 Qc7) ({Predecessor:} 10... h6 11. a3 a5 12. Qe2 e5 13. Bd2 Rb8 14. Be1 Qe7 15. Qc2 b6 {½-½ (38) Garcia,R (2395)-Dos Santos,R (2350) Buenos Aires 1995}) 11. Bxe3 $11 ({But not} 11. fxe3 $2 e5 $19) 11... Nd4 12. Bxd4 (12. Re1 $142) 12... cxd4 13. b4 b5 14. Nb2 bxc4 15. Nxc4 Rb8 16. a3 Nb6 17. Na5 (17. Nfe5 $5 {[%cal Re5c6]}) 17... Bd7 18. Re1 Ba4 19. Qd2 Qd6 20. Ng5 e6 21. Ne4 Qe7 22. Nc5 Rbc8 23. Rac1 h5 24. h4 Rc7 25. Re2 Kh7 26. Rce1 Bb5 27. Nab3 Ba4 28. Na5 Bb5 29. Qa2 (29. Nab3 $11) 29... Na4 $15 30. Nxa4 Bxa4 31. Nc4 Rfc8 32. Be4 (32. Rc1 $15) 32... Kg8 ({Black should play} 32... Bb5 $17 {[%cal Rb5c4]} 33. Nb2 Rc1) 33. Nb2 Bd7 34. Nc4 Bb5 {[%cal Rb5c4]} 35. Nb2 Rc1 36. Rxc1 Rxc1+ 37. Kg2 g5 38. a4 Bd7 (38... gxh4 $142 39. axb5 hxg3) 39. hxg5 $17 Qxg5 40. Nc4 h4 41. Qd2 Qxd2 42. Rxd2 {White wants to play b5.} hxg3 (42... Bxa4 $17 {Strongly threatening ...hxg3.} 43. Ra2 f5) 43. b5 $1 $11 gxf2 44. Rxf2 {And now Bc6 would win.} Bf8 45. Bc6 {[%mdl 1024] White has compensation.} Bc8 46. a5 Rb1 {[#]} (46... Bc5 $11 {remains equal.}) 47. Ne5 (47. a6 $1 $16 {Hoping for b6!} Bc5 48. Ne5) 47... f5 48. Rc2 Bd6 49. Nc4 Bf4 50. a6 Ra1 $1 51. Kf3 Bb8 $132 {[%mdl 2048] Black has counterplay} 52. Bb7 Bd7 53. b6 {aiming for Ne5!} Kf8 $2 {[%mdl 8192] [#]} (53... Ba4 $1 $11 {and Black stays safe.} 54. bxa7 Bxa7) 54. Ne5 $1 $18 {[%cal Re5d7][%mdl 512]} Ke8 (54... Bxe5 55. bxa7) 55. Nxd7 Kxd7 56. Rc8 axb6 57. Rxb8 {KRB-KR} b5 58. Rc8 Kd6 $2 (58... b4 59. Rc4 e5 60. Bc8+ Kd6 61. Rxb4 Kc5 62. Rc4+ Kd6 63. Bxf5 Rxa6) 59. Rc6+ {White is clearly winning.} Kd7 60. Kf4 b4 61. Ke5 b3 62. Rb6 {Accuracy: White = 44%, Black = 42%.} 1-0

[Event "World Senior chT-50 2019"]
[Site "Rhodes"]
[Date "2019.04.17"]
[Round "2.3"]
[White "Druckenthaner, Andreas"]
[Black "Movsziszian, Karen"]
[Result "0-1"]
[WhiteElo "2304"]
[BlackElo "2485"]
[Annotator "TA"]
[PlyCount "80"]
[EventDate "2019.04.16"]
[EventType "team-tourn"]
[EventCountry "GRE"]
[SourceTitle "playchess.com"]
[Source "ChessBase"]
[SourceQuality "1"]
[WhiteTeam "Austria"]
[BlackTeam "Armenia"]
[WhiteTeamCountry "AUT"]
[BlackTeamCountry "ARM"]

{[%evp 13,80,27,32,7,5,-16,-31,-36,0,0,0,0,0,-33,-31,-122,-117,-109,-119,-134,-128,-118,-129,-168,-153,-163,-156,-262,-177,-168,-148,-130,-97,-216,-220,-224,-211,-328,-313,-459,-471,-448,-459,-443,-460,-433,-459,-445,-440,-428,-421,-485,-494,-562,-535,-533,-537,-522,-495,-487,-482,-550,-543,-504,-491,-29993,-29994,-29994,-29995]} 1. e4 g6 2. d4 Bg7 3. Nc3 c6 4. Bc4 d6 5. Qf3 e6 6. Nge2 Nd7 7. a4 Ngf6 8. h3 {B06: Modern Defence} (8. O-O O-O 9. Qg3 e5 10. Be3 Qe7 11. Qh4 Re8 12. Bg5 Qf8 13. dxe5 dxe5 14. Rad1 h6 15. Bc1 Nh5 16. Qg4 {½-½ (49) Llaneza Vega,M (2519)-Del Rio de Angelis,S (2532) Catalunya 2009}) 8... O-O 9. Bg5 $146 ({Predecessor:} 9. Bd3 e5 10. d5 cxd5 11. exd5 Nc5 12. O-O Nxd3 13. Qxd3 Nd7 14. Re1 b6 15. Qc4 Bb7 {0-1 (65) Guedes Filho,D (2241)-Arnold,H (2302) ICCF email 2015}) 9... Qa5 10. Bd2 {With the idea Nb5.Black is slightly better.} Qc7 11. Ba2 a6 12. O-O b5 {[%cal Bb7b5,Bb5b4][%mdl 32]} 13. Bf4 Bb7 14. Qe3 (14. axb5 $15 axb5 15. b4) 14... b4 $36 {[%mdl 2048] Keeping White busy.} 15. Nd1 c5 16. dxc5 Nxc5 ({Resist} 16... Qxc5 17. Qxc5 Nxc5 18. Bxd6 $15) 17. f3 a5 18. Qd2 Rfd8 19. Bh6 d5 20. Bxg7 (20. exd5 $17 Bxd5 21. Bxg7 Kxg7 22. Bxd5) 20... Kxg7 21. exd5 Nxa4 22. Nd4 Qc5 {[#] ...e5 is the strong threat.} 23. Kh1 (23. Qf2 $17) 23... Bxd5 24. Bxd5 Rxd5 ({Don't take} 24... Qxd5 25. Rxa4 Nh5 26. Kg1 $17) 25. Rxa4 (25. c3 {was the only defense.} Nb6 26. Nf2) 25... Rxd4 $19 26. Qf2 (26. Qe3 $142) 26... Qd6 27. Ne3 Nh5 28. Re1 Ng3+ 29. Kg1 Rd2 30. Nc4 Rxf2 31. Nxd6 Rxc2 32. b3 Ne2+ 33. Kh1 Nd4 34. Re3 Rb2 35. Re4 Nf5 36. Nxf5+ gxf5 ({Weaker is} 36... exf5 37. Rexb4 axb4 38. Rxa8 $19) 37. Re3 f4 38. Rd3 Rc8 39. Rxa5 {[#]} (39. Rd1 $19 Rc5 40. Rda1) 39... Rc1+ 40. Kh2 Rbb1 {Accuracy: White = 34%, Black = 80%.} 0-1

[Event "World Senior chT-50 2019"]
[Site "Rhodes"]
[Date "2019.04.17"]
[Round "2.4"]
[White "Petrosian, Arshak B"]
[Black "Kranzl, Peter"]
[Result "1-0"]
[WhiteElo "2470"]
[BlackElo "2145"]
[Annotator "TA"]
[PlyCount "101"]
[EventDate "2019.04.16"]
[EventType "team-tourn"]
[EventCountry "GRE"]
[SourceTitle "playchess.com"]
[Source "ChessBase"]
[SourceQuality "1"]
[WhiteTeam "Armenia"]
[BlackTeam "Austria"]
[WhiteTeamCountry "ARM"]
[BlackTeamCountry "AUT"]

{[%evp 14,101,22,6,42,10,23,27,33,28,35,27,40,9,59,61,55,47,71,62,79,79,120,50,102,104,143,120,155,152,150,20,339,341,437,335,334,341,339,338,304,308,321,310,435,406,395,363,468,470,464,447,474,473,442,450,453,0,217,0,455,428,431,420,447,445,436,431,380,353,322,154,153,179,409,398,4618,4618,1229,1493,29985,29986,29986,29987,29987,29988,29987,29988,29989,29990]} 1. Nf3 Nf6 2. g3 g6 3. Bg2 Bg7 4. d4 O-O 5. c4 d6 6. Nc3 c6 7. h3 Nbd7 8. O-O a6 {E67: King's Indian: Fianchetto: 6...Nbd7} (8... e5 9. e4 Qa5 10. Be3 exd4 11. Nxd4 Ne5 12. Nb3 Qc7 13. Nd2 Be6 14. b3 Rfe8 15. Qc2 a6 16. Rfe1 c5 17. Nd5 Qa5 18. Bg5 Nfd7 19. Rad1 Nc6 {1-0 (39) Movsesian,S (2699)-Tkachiev,V (2649) Khanty-Mansiysk 2013}) 9. d5 cxd5 10. cxd5 Nc5 {White has an edge.} 11. Nd4 a5 12. Be3 Bd7 13. Rb1 $146 ({Predecessor:} 13. Qd2 Qb6 14. Rac1 Rfc8 15. Kh2 a4 16. f4 Be8 17. Bf2 {½-½ (60) Cuellar Gacharna,M-Kristinsson,J Skopje 1972}) 13... h6 14. Qd2 Kh7 15. b3 Ne8 16. a3 Nc7 17. Rfc1 Qb8 18. f4 ({Better is} 18. Na4 $16) 18... f5 (18... Rc8 $14) 19. Bf2 $16 h5 20. Nf3 Bf6 21. Bxc5 dxc5 22. d6 ({White should play} 22. Ne5 $16 Rd8 23. e4) 22... Nb5 $2 {[%mdl 8192]} (22... exd6 $11 23. Qxd6 {[%mdl 64] Double Attack} Bc6) 23. dxe7 $18 Rf7 24. Qxd7 Nxc3 25. Rxc3 {[#] Black must now prevent Re3.} Rxe7 26. Qd3 Bxc3 27. Qxc3 Rxe2 28. Rd1 {Intending Rd7+ and mate.} ({But not} 28. Qxc5 $6 Qa7 $18) 28... Qc7 (28... Qe8 $142) 29. Ng5+ Kh6 30. Bf3 Re7 31. Qf6 Rae8 32. Rd6 {[%csl Gd6][%cal Rf6g6]} Re1+ 33. Kf2 {[%csl Gd6][%cal Rf6g6]} Qg7 34. Nf7+ Kh7 {and the idea ...Qxf6 leaves Black hopeful.} 35. Ng5+ (35. Qxg7+ $142 Kxg7 36. Ne5) 35... Kh6 $1 36. Nf7+ $2 $40 {[%mdl 128] White attacks.} (36. Qxg7+ Kxg7 37. Bd1) 36... Kh7 {Now ...Qxf6 and Black clings on.} 37. Ne5 {White wants to mate with Rd7!} Qxf6 38. Rxf6 Ra1 39. Rf7+ Kh6 40. Rxb7 {Hoping for Nf7+.} Ra2+ 41. Be2 g5 42. h4 (42. Rb6+ $18 {has better winning chances.} Kh7 43. Kf3 gxf4 44. gxf4) 42... gxf4 43. gxf4 {aiming for a4.} Rxa3 $2 {[#]} (43... a4 {is a better defense.} 44. b4 (44. bxa4 Ra8 $16) 44... cxb4) 44. Bxh5 $1 {[%mdl 512]} Rxe5 $2 (44... Ra2+ 45. Be2 a4) (44... Kxh5 45. Rh7#) 45. fxe5 Kxh5 $16 {[%mdl 4096] Endgame KR-KR} 46. e6 Kg4 47. e7 {White mates.} Ra2+ 48. Ke1 Ra1+ 49. Kd2 Ra2+ 50. Kd3 c4+ 51. bxc4 {Accuracy: White = 55%, Black = 39%.} 1-0

[Event "World Senior chT-50 2019"]
[Site "Rhodes"]
[Date "2019.04.17"]
[Round "2.5"]
[White "Olafsson, Helgi"]
[Black "Mahia, Gustavo"]
[Result "1-0"]
[WhiteElo "2506"]
[BlackElo "2367"]
[Annotator "TA"]
[PlyCount "77"]
[EventDate "2019.04.16"]
[EventType "team-tourn"]
[EventCountry "GRE"]
[SourceTitle "playchess.com"]
[Source "ChessBase"]
[SourceQuality "1"]
[WhiteTeam "Iceland"]
[BlackTeam "Argentina"]
[WhiteTeamCountry "ISL"]
[BlackTeamCountry "ARG"]

{[%evp 20,77,52,47,51,39,41,38,79,69,84,83,72,51,90,82,150,124,147,150,127,144,166,158,221,210,252,254,286,283,287,283,497,496,496,478,460,461,560,560,604,614,679,681,672,670,625,650,699,695,689,666,864,813,1007,992,963,969,855,852]} 1. d4 Nf6 2. Nf3 g6 3. c4 Bg7 4. Nc3 O-O 5. e4 d6 6. h3 e5 7. d5 Na6 8. Bg5 h6 9. Be3 Nc5 10. Nd2 a5 11. g4 c6 {E90: King's Indian: Classical: Early deviations and 6 h3} (11... Nfd7 12. Rg1 a4 13. a3 c6 14. Be2 Kh8 15. h4 Qxh4 16. Nf3 Qe7 17. Rh1 Kg8 18. Bxh6 Bxh6 19. Rxh6 {1-0 (41) Navara,D (2730)-Belyakov,B (2511) Minsk 2015}) 12. Rg1 Ne8 13. Qc2 $146 ({Predecessor:} 13. a3 Kh7 14. Qc2 Bd7 15. Be2 Nc7 16. h4 cxd5 17. exd5 Rc8 18. h5 b5 19. cxb5 e4 20. Bxc5 dxc5 21. Ndxe4 Bxc3+ 22. Nxc3 {1-0 (29) Krylov,M (2516)-Naboka,S (2152) St Petersburg 2010}) 13... Kh7 {White is slightly better.} 14. O-O-O cxd5 15. cxd5 Bd7 16. Bb5 Nc7 17. Bxd7 Qxd7 ({Black should try} 17... Nxd7 18. Nc4 Qe7) 18. Nc4 $16 Ra6 19. Bxc5 $1 dxc5 20. Na4 $36 {[%cal Bc3a4,Ba4c5,Bc5d7][%mdl 2080] White is really pushing.} Qb5 21. Na3 Qb4 (21... Qe8 $16 22. Nxc5 {[%mdl 64] Double Attack} Rf6) 22. Nxc5 $18 {Black must now prevent Rg3.} Raa8 {[#]} 23. Rg3 $1 {[%cal Rg3b3] Threatens to win with Rb3.} b6 24. Nd7 {[%mdl 64] Discovered Attack} Rfd8 25. Rb3 ({Not} 25. Qxc7 Rac8 $14) 25... Rxd7 $2 (25... Qd6) 26. Rxb4 {White is clearly winning.} axb4 27. Qc6 Rad8 28. Nc4 Ne8 {intending ...Rc7.} 29. d6 b5 30. Qxb5 {[%mdl 64] Double Attack} Nxd6 31. Rxd6 Rxd6 32. Nxd6 Rxd6 33. Qxb4 {[%mdl 4096] Endgame KQ-KRB} Rd4 34. Qb7 Kg8 35. Kc2 Bf6 {[#]} 36. a4 $1 {[%cal Ba2a4,Ba4a5][%mdl 32]} Bh4 (36... Rxa4 37. Qc6) 37. a5 Bxf2 38. Qb8+ Kh7 39. Qxe5 {Accuracy: White = 100%, Black = 20%.} 1-0